[Event "Montevideo Duchamp Cup 6th"]
[Site "Montevideo"]
[Date "2023.02.11"]
[Round "9"]
[White "Amura, Claudia Noemi"]
[Black "Rodriguez Farias, Victor Hugo"]
[Result "1-0"]
[WhiteElo "2248"]
[BlackElo "1838"]
[PlyCount "61"]
[EventDate "2023.02.03"]
[EventType "swiss"]
[EventRounds "9"]
[EventCountry "URU"]
[SourceTitle "CBM 212 Extra"]
[Source "ChessBase"]
[SourceDate "2023.03.31"]
[SourceVersion "1"]
[SourceVersionDate "2023.03.31"]
[SourceQuality "1"]

1. d4 d5 2. Bg5 c5 3. dxc5 Qa5+ 4. Nc3 e6 5. e4 Bxc5 6. exd5 Bb4 7. Bd2 exd5 8. Nxd5 Qxd5 9. Bxb4 Qe6+ 10. Qe2 Nc6 11. Ba3 Nge7 12. Qxe6 Bxe6 13. Nf3 0-0-0 14. Ng5 Rhe8 15. Nxe6 Nd5 16. 0-0-0 Rxe6 17. Bc4 Re5 18. g3 Nc7 19. f4 Rf5 20. Rxd8+ Kxd8 21. Rd1+ Kc8 22. Bf8 g5 23. Bd3 Ra5 24. fxg5 Rxg5 25. Rf1 Ne5 26. Bxh7 Rh5 27. Bf5+ Nd7 28. Bxd7+ Kxd7 29. Rxf7+ Kc6 30. h4 Rd5 31. Bg7 1-0

[Event "Montevideo Trebejos 50 Anniv op"]
[Site "Montevideo"]
[Date "2022.09.23"]
[Round "7"]
[White "Rodriguez Farias, Victor Hugo"]
[Black "Moreno, Diego"]
[Result "1-0"]
[WhiteElo "1820"]
[BlackElo "1728"]
[PlyCount "65"]
[EventDate "2022.09.17"]
[EventType "swiss"]
[EventRounds "9"]
[EventCountry "URU"]
[SourceTitle "EXT 2023"]
[Source "ChessBase"]
[SourceDate "2022.10.05"]
[SourceVersion "1"]
[SourceVersionDate "2022.10.05"]
[SourceQuality "1"]

1. d4 d5 2. Nc3 Nf6 3. Bf4 e6 4. e3 a6 5. Qf3 Bd6 6. Bd3 Bxf4 7. Qxf4 Qd6 8. Qh4 c5 9. Nf3 Nc6 10. dxc5 Qxc5 11. Qg5 Qf8 12. a3 h6 13. Qf4 Qe7 14. Ne5 Nxe5 15. Qxe5 0-0 16. h3 Rd8 17. g4 Qd6 18. Qxd6 Rxd6 19. 0-0-0 e5 20. Bc4 d4 21. Rhe1 b5 22. Bb3 Bb7 23. exd4 exd4 24. Re7 Bg2 25. Rxf7 Kh8 26. Ne2 Rad8 27. Nf4 Bf3 28. Rd3 Be4 29. Rg3 g5 30. Ne6 d3 31. Rxf6 d2+ 32. Kd1 Rc8 33. Rxh6+ 1-0

[Event "Montevideo Trebejos 50 Anniv op"]
[Site "Montevideo"]
[Date "2022.09.17"]
[Round "1"]
[White "Rodriguez Farias, Victor Hugo"]
[Black "Mott, Juan"]
[Result "1-0"]
[WhiteElo "1820"]
[BlackElo "1170"]
[PlyCount "64"]
[EventDate "2022.09.17"]
[EventType "swiss"]
[EventRounds "9"]
[EventCountry "URU"]
[SourceTitle "EXT 2023"]
[Source "ChessBase"]
[SourceDate "2022.10.05"]
[SourceVersion "1"]
[SourceVersionDate "2022.10.05"]
[SourceQuality "1"]

1. c4 d5 2. cxd5 Nf6 3. e4 e6 4. dxe6 Bxe6 5. Nf3 Bc5 6. Nc3 c6 7. d4 Bb4 8. Qc2 Bxc3+ 9. bxc3 Nbd7 10. Bd3 Bg4 11. Nd2 b5 12. 0-0 Bh5 13. Ba3 Ng8 14. e5 Ne7 15. Ne4 0-0 16. f4 Bg6 17. f5 Bxf5 18. Bxe7 Qxe7 19. Rxf5 Kh8 20. Raf1 Nb6 21. Nd6 f6 22. Rh5 h6 23. Nf5 Qf7 24. Ng3 Nd5 25. Qd2 Ne7 26. exf6 Ng8 27. fxg7+ Qxg7 28. Rxf8 Rxf8 29. Rf5 Nf6 30. Qf4 Nd7 31. Nh5 Rxf5 32. Bxf5 Qf8 1-0

[Event "Montevideo Trebejos op 05"]
[Site "Montevideo"]
[Date "2022.05.27"]
[Round "5"]
[White "Rodriguez Farias, Victor Hugo"]
[Black "Bon, Charles"]
[Result "1-0"]
[WhiteElo "1857"]
[BlackElo "1572"]
[PlyCount "45"]
[EventDate "2022.05.13"]
[EventType "swiss"]
[EventRounds "6"]
[EventCountry "URU"]
[SourceTitle "EXT 2024"]
[Source "ChessBase"]
[SourceDate "2023.10.10"]
[SourceVersion "1"]
[SourceVersionDate "2023.10.10"]
[SourceQuality "1"]

1. c4 Nf6 2. Nc3 g6 3. e4 d6 4. d4 Bg7 5. Nf3 0-0 6. Be2 e5 7. dxe5 dxe5 8. Qxd8 Rxd8 9. Bg5 c6 10. Nxe5 Re8 11. 0-0-0 Nbd7 12. Nxd7 Nxd7 13. f3 Nb6 14. Kc2 Be6 15. b3 a5 16. Be3 Nd7 17. Rd2 Bf8 18. Rhd1 Bb4 19. Rxd7 Bxd7 20. Rxd7 b5 21. cxb5 cxb5 22. Bxb5 Rac8 23. Bc4 1-0

[Event "Montevideo Crysol op 4th"]
[Site "Montevideo"]
[Date "2021.11.13"]
[Round "2"]
[White "Rodriguez Farias, Victor Hugo"]
[Black "Roman, Enrique"]
[Result "1-0"]
[WhiteElo "1851"]
[BlackElo "1246"]
[PlyCount "43"]
[EventDate "2021.11.12"]
[EventType "swiss"]
[EventRounds "5"]
[EventCountry "URU"]
[SourceTitle "CBM 205 Extra"]
[Source "ChessBase"]
[SourceDate "2022.01.31"]
[SourceVersion "1"]
[SourceVersionDate "2022.01.31"]
[SourceQuality "1"]

1. Nf3 f5 2. d4 g6 3. c4 Bg7 4. Nc3 d6 5. g3 Nf6 6. Bg2 a6 7. 0-0 0-0 8. Qc2 e6 9. e4 Nxe4 10. Nxe4 fxe4 11. Qxe4 Qe7 12. Bh3 c6 13. Ng5 e5 14. Bxc8 Rxc8 15. d5 Bf6 16. Ne6 g5 17. f4 h6 18. fxg5 hxg5 19. Qg6+ Bg7 20. Bxg5 Qd7 21. Bh6 cxd5 22. Ng5 1-0

[Event "Montevideo Andrea Memorial 3rd"]
[Site "Montevideo"]
[Date "2018.05.22"]
[Round "5"]
[White "Rodriguez Farias, Victor Hugo"]
[Black "Gaye, Gustavo"]
[Result "1-0"]
[WhiteElo "1835"]
[BlackElo "2004"]
[PlyCount "77"]
[EventDate "2018.05.08"]
[EventType "swiss"]
[EventRounds "6"]
[EventCountry "URU"]
[SourceTitle "CBM 184 Extra"]
[Source "ChessBase"]
[SourceDate "2018.06.28"]
[SourceVersion "1"]
[SourceVersionDate "2018.06.28"]
[SourceQuality "1"]

1. d4 c5 2. d5 d6 3. c4 g6 4. Nc3 Bg7 5. e4 Nf6 6. Bd3 0-0 7. h3 Na6 8. Nf3 Nc7 9. 0-0 a6 10. Bg5 h6 11. Be3 e5 12. Qd2 Kh7 13. a4 b6 14. Ne1 g5 15. f4 g4 16. fxe5 dxe5 17. Kh2 Nh5 18. Ne2 Qd6 19. hxg4 Bxg4 20. Nf3 f5 21. Nh4 Kg8 22. Kg1 f4 23. Bf2 Bf6 24. Nf5 Bxf5 25. exf5 Bg5 26. Bc2 a5 27. Nc3 Nf6 28. Rae1 Rae8 29. Qd1 Rf7 30. Be4 Rg7 31. Bf3 Ree7 32. Bh5 e4 33. Kh1 e3 34. Bg1 Re5 35. Bh2 Rge7 36. Rxf4 Bxf4 37. Bxf4 e2 38. Bxe2 Nd7 39. Ne4 1-0

[Event "Montevideo Andrea Memorial 3rd"]
[Site "Montevideo"]
[Date "2018.05.17"]
[Round "4"]
[White "Rodriguez Farias, Victor Hugo"]
[Black "Barboza, Mauro"]
[Result "1-0"]
[WhiteElo "1835"]
[BlackElo "1876"]
[PlyCount "57"]
[EventDate "2018.05.08"]
[EventType "swiss"]
[EventRounds "6"]
[EventCountry "URU"]
[SourceTitle "CBM 184 Extra"]
[Source "ChessBase"]
[SourceDate "2018.06.28"]
[SourceVersion "1"]
[SourceVersionDate "2018.06.28"]
[SourceQuality "1"]

1. d4 Nf6 2. c4 e6 3. Nc3 d5 4. cxd5 exd5 5. Bg5 Be7 6. e3 c6 7. Qc2 Nbd7 8. Bd3 0-0 9. Nf3 h6 10. Bh4 Nh5 11. Bxe7 Qxe7 12. 0-0 Nhf6 13. h3 Re8 14. Nd2 Nf8 15. Rfe1 Ne6 16. Nf3 Ng5 17. Nxg5 hxg5 18. e4 g4 19. exd5 Qxe1+ 20. Rxe1 Rxe1+ 21. Kh2 gxh3 22. gxh3 Bd7 23. Ne4 Nxd5 24. Qd2 Ra1 25. Nc5 Rd8 26. b4 Bc8 27. Nb3 Rxa2 28. Qxa2 Nxb4 29. Qa5 1-0

[Event "Montevideo Trebejos Verano op"]
[Site "Montevideo"]
[Date "2018.01.26"]
[Round "6"]
[White "Saralegui Cassan, Mario"]
[Black "Rodriguez Farias, Victor Hugo"]
[Result "1/2-1/2"]
[WhiteElo "2079"]
[BlackElo "1848"]
[PlyCount "98"]
[EventDate "2018.01.15"]
[EventType "swiss"]
[EventRounds "6"]
[EventCountry "URU"]
[SourceTitle "CBM 182 Extra"]
[Source "ChessBase"]
[SourceDate "2018.02.23"]
[SourceVersion "1"]
[SourceVersionDate "2018.02.23"]
[SourceQuality "1"]

1. d4 e6 2. c4 f5 3. Nf3 d5 4. g3 c6 5. Bg2 Nf6 6. 0-0 Bd6 7. Nc3 0-0 8. Qc2 Ne4 9. Rb1 a5 10. a3 Qe7 11. b4 axb4 12. axb4 Bxb4 13. Nxe4 dxe4 14. Bg5 Qd7 15. Rxb4 exf3 16. Bxf3 Qxd4 17. Rd1 Ra1 18. Rbb1 Rxb1 19. Rxb1 Nd7 20. Rd1 Qc5 21. Be3 Qe7 22. Bg2 Nf6 23. Bc1 Rd8 24. Bb2 Rxd1+ 25. Qxd1 Qd7 26. Qc2 Kf7 27. h3 Qd6 28. e4 Nxe4 29. Bxe4 fxe4 30. Qxe4 Kg8 31. Be5 Qd1+ 32. Kg2 Bd7 33. Qe3 c5 34. g4 Bc6+ 35. f3 Qc2+ 36. Kg3 h6 37. Bc3 Kf7 38. Qf4+ Kg8 39. Qe5 Qg6 40. Bb2 Qf7 41. Qe3 e5 42. Bxe5 Qxc4 43. Bd6 b6 44. Bc7 Qd5 45. Bxb6 Qd6+ 46. Qf4 Qd5 47. Qe3 Qd6+ 48. Qf4 Qd5 49. Qe3 Qd6+ 1/2-1/2

[Event "Montevideo Trebejos Verano op"]
[Site "Montevideo"]
[Date "2018.01.22"]
[Round "4"]
[White "Avedisian, Alexander"]
[Black "Rodriguez Farias, Victor Hugo"]
[Result "0-1"]
[WhiteElo "1966"]
[BlackElo "1848"]
[PlyCount "60"]
[EventDate "2018.01.15"]
[EventType "swiss"]
[EventRounds "6"]
[EventCountry "URU"]
[SourceTitle "CBM 182 Extra"]
[Source "ChessBase"]
[SourceDate "2018.02.23"]
[SourceVersion "1"]
[SourceVersionDate "2018.02.23"]
[SourceQuality "1"]

1. g3 d5 2. Nf3 c5 3. Bg2 Nc6 4. 0-0 Nf6 5. d3 e6 6. Nbd2 Be7 7. e4 b6 8. Re1 Bb7 9. c3 d4 10. e5 Nd7 11. cxd4 cxd4 12. Nb3 Qc7 13. Qe2 g5 14. Nbxd4 Ndxe5 15. Nxe5 Nxd4 16. Qh5 Bf6 17. Ng4 Bg7 18. Bxg5 Bxg2 19. Nf6+ Kf8 20. Kxg2 Qb7+ 21. Re4 Rc8 22. Bh6 Rc5 23. Bxg7+ Kxg7 24. Qh4 h5 25. Kh3 Nf3 26. Qf4 Rf5 27. Qe3 Rxf6 28. Rf4 Rhh6 29. Rc1 h4 30. Rcc4 Ng1+ 0-1

[Event "Montevideo Cuartos Trebejos"]
[Site "Montevideo"]
[Date "2017.12.13"]
[Round "2.4"]
[White "Rodriguez Farias, Victor Hugo"]
[Black "Barboza, Mauro"]
[Result "1-0"]
[WhiteElo "1859"]
[BlackElo "1892"]
[PlyCount "81"]
[EventDate "2017.12.11"]
[EventType "swiss"]
[EventRounds "5"]
[EventCountry "URU"]
[SourceTitle "EXT 2024"]
[Source "ChessBase"]
[SourceDate "2023.10.10"]
[SourceVersion "1"]
[SourceVersionDate "2023.10.10"]
[SourceQuality "1"]

1. d4 Nf6 2. Bg5 e6 3. e4 d6 4. Nc3 Be7 5. Nf3 b6 6. Bb5+ c6 7. Bd3 Ba6 8. 0-0 h6 9. Bh4 Bxd3 10. Qxd3 Nbd7 11. Rad1 g5 12. Bg3 Nh5 13. d5 cxd5 14. exd5 e5 15. Qf5 Ng7 16. Qd3 f5 17. Bxe5 dxe5 18. d6 Bf6 19. Qd5 a6 20. Rfe1 Ra7 21. Nd4 Nb8 22. Ne6 Qd7 23. Nxg7+ Qxg7 24. Qe6+ Kd8 25. Nd5 Nd7 26. Nc7 f4 27. Qd5 Kc8 28. Re4 Bd8 29. Ne6 Qf7 30. Rc4+ Kb8 31. Qc6 Nc5 32. Nxc5 bxc5 33. Qxc5 Qd7 34. Rd3 Rb7 35. Rb3 Rxb3 36. axb3 a5 37. b4 a4 38. b5 Qb7 39. Qxe5 Rf8 40. d7+ Bc7 41. Qe8+ 1-0

[Event "Montevideo Trebejos op 11"]
[Site "Montevideo"]
[Date "2017.11.17"]
[Round "5"]
[White "Rodriguez Farias, Victor Hugo"]
[Black "Lopez Falcon, Jorge"]
[Result "0-1"]
[WhiteElo "1862"]
[BlackElo "2133"]
[PlyCount "78"]
[EventDate "2017.11.08"]
[EventType "swiss"]
[EventRounds "7"]
[EventCountry "URU"]
[SourceTitle "CBM 181 Extra"]
[Source "ChessBase"]
[SourceDate "2017.12.12"]
[SourceVersion "1"]
[SourceVersionDate "2017.12.12"]
[SourceQuality "1"]

1. d4 Nf6 2. c4 c5 3. d5 b5 4. cxb5 a6 5. b6 d6 6. Nc3 Qxb6 7. e4 g6 8. Nf3 Nbd7 9. Be2 Bg7 10. 0-0 0-0 11. Kh1 Rb8 12. Nd2 Qc7 13. f4 e6 14. dxe6 fxe6 15. Nc4 Ne8 16. f5 gxf5 17. exf5 Ne5 18. Nxe5 Bxe5 19. Bh6 Qe7 20. Rf3 Rxf5 21. Bd3 Rxf3 22. Qxf3 Ng7 23. Rf1 Bb7 24. Qh3 Nf5 25. Bxf5 exf5 26. Rxf5 Kh8 27. Bg5 Qg7 28. Qh5 Rg8 29. h4 Qd7 30. Qf7 Qxf7 31. Rxf7 Ba8 32. Ra7 c4 33. Na4 h6 34. Nb6 hxg5 35. Nxa8 Bxb2 36. Nb6 Bd4 37. Rxa6 c3 38. Nd5 c2 39. Rc6 Bc5 0-1

[Event "Montevideo Trebejos op 10"]
[Site "Montevideo"]
[Date "2017.10.19"]
[Round "5"]
[White "Martinez Fernandez, Fernando"]
[Black "Rodriguez Farias, Victor Hugo"]
[Result "1-0"]
[WhiteElo "1914"]
[BlackElo "1849"]
[PlyCount "107"]
[EventDate "2017.10.03"]
[EventType "swiss"]
[EventRounds "6"]
[EventCountry "URU"]
[SourceTitle "CBM 181 Extra"]
[Source "ChessBase"]
[SourceDate "2017.12.12"]
[SourceVersion "1"]
[SourceVersionDate "2017.12.12"]
[SourceQuality "1"]

1. d4 e6 2. c4 f5 3. Nf3 Nf6 4. g3 c6 5. Bg2 d5 6. 0-0 Bd6 7. cxd5 exd5 8. Nc3 0-0 9. a3 Ne4 10. Bf4 Bxf4 11. gxf4 Nd7 12. Ne5 Qh4 13. e3 Nxe5 14. dxe5 Nxc3 15. bxc3 Be6 16. Rb1 b6 17. a4 Qe7 18. Qd2 Rfd8 19. Rfd1 Rd7 20. Qc2 Rad8 21. Kh1 Qc5 22. Rd4 a5 23. Bh3 g6 24. Rg1 Kf7 25. f3 b5 26. axb5 cxb5 27. Qd2 Rc7 28. Rb1 Rb8 29. Bf1 Qxc3 30. Rxb5 Rxb5 31. Bxb5 Qa1+ 32. Kg2 Rb7 33. Ra4 Qb1 34. Bd3 Rb2 35. Bxb1 Rxd2+ 36. Kg3 Rd1 37. Ba2 Rd3 38. Rxa5 Rxe3 39. Bxd5 Bxd5 40. Rxd5 Re2 41. Rd7+ Kg8 42. h4 h6 43. Rd6 Kf7 44. Rf6+ Kg7 45. h5 gxh5 46. Rxf5 Kg6 47. Rf6+ Kg7 48. Re6 Re1 49. f5 Rg1+ 50. Kf4 Ra1 51. Re7+ Kg8 52. f6 Rf1 53. e6 h4 54. f7+ 1-0

[Event "Montevideo Trebejos op 10"]
[Site "Montevideo"]
[Date "2017.10.05"]
[Round "2"]
[White "Pena Canapa, Alfredo"]
[Black "Rodriguez Farias, Victor Hugo"]
[Result "0-1"]
[WhiteElo "1917"]
[BlackElo "1849"]
[PlyCount "54"]
[EventDate "2017.10.03"]
[EventType "swiss"]
[EventRounds "6"]
[EventCountry "URU"]
[SourceTitle "CBM 181 Extra"]
[Source "ChessBase"]
[SourceDate "2017.12.12"]
[SourceVersion "1"]
[SourceVersionDate "2017.12.12"]
[SourceQuality "1"]

1. d4 d5 2. c4 e5 3. dxe5 d4 4. Nf3 Bb4+ 5. Bd2 Bxd2+ 6. Qxd2 c5 7. e3 Nc6 8. Na3 Bg4 9. exd4 Bxf3 10. gxf3 Nxd4 11. Be2 Ne7 12. 0-0-0 Nef5 13. Bd3 Nxf3 14. Qf4 N5d4 15. Nb5 Nxb5 16. Qxf3 Nd4 17. Qg2 h6 18. Kb1 Qg5 19. Qxb7 0-0 20. Qe4 f5 21. exf6 Qxf6 22. Qh7+ Kf7 23. Rhg1 Rab8 24. Bg6+ Ke7 25. Bh5 Rxb2+ 26. Kxb2 Ne2+ 27. Kc2 Qc3+ 0-1